1193 1608 1950 1433 1283 1611 1729 1358 1187 1042 1653 1838 1434 1742 1494 1403 1534 1714 1778 1121 1853 1577 1080 1345 1578 1372 1147 1819 1310 1283 1274 1491 1698 1291 1350 1537 1145 1786 1048 1494 1519 1858 1077 1248 1238 1190 1217 1321 1887 1392 1025 1440 1042 1398 1358 1719 1759 1543 1253 1222 1322 1003 1095 1454 1937 1218 1775 1133 1886 1910 1424 1119 1204 1018 1453 1950 1655 1314 1277 1731 1614 1176 1608 1207 1842 1736 1744 1448 1518 1406 1708 1746 1308 1112 1828 1800 1793 1832 1286 BCNSPRNW ULIB Ver.6.0+V

เปลี่ยนเป็นภาษาไทย

Change to English
 แสดงรายละเอียดบรรณานุกรม
  กลับหน้าหลัก

Brief Record : Get Marc (ISO 2709) : E-mail record : QR code < ปิดหน้าต่าง
LEADER : 00000nam 2200000uu 4500
001    13399125528
003     ULIB
008    170622s2558||||th 000 0 tha d
020    ^a9786162796142
060 04 ^aWI140^bส826^d2558
245 00 ^aPremalignant GI conditions /^cบรรณาธิการ, สุพจน์ พงศ์ประสบชัย... [และคนอื่นๆ]
250    ^aพิมพ์ครั้งที่ 1
260    ^aกรุงเทพฯ :^bกรุงเทพเวชสาร
300    ^aก-ฉ, 232 หน้า :^bภาพประกอบ (สีบางภาพ) ;^c22 ซม.
505 0  ^a... รอยโรคก่อนมะเร็งหลอดอาหาร Premalignant Lesions of Esophageal Cancer ... การวินิจฉัยและรักษามะเร็งหลอดอาหารระยะแรก Detection and Management of Superficial Esophageal Cancer ... การค้นหาและวินิจฉัยหลอดอาหารแบร์เร็ตต์ Management of Barrett Dysplasis ... รอยโรคก่อนมะเร็งกระเพาะอาหาร Premalignant Lesions of Gastric Cancer ... การรักษาติ่งเนื้อในกระเพาะอาหาร Management of Gastric Polyps ... การค้นหาและรักษามะเร็งกระเพาะอาหารระยะแรก Detection and Management of Early Gastric Cancer ...รอยโรคก่อนมะเร็งลำไส้ใหญ่ Premalignant Lesions of Colorectal Cancer ... การค้นหาติ่งเนื้อลำไส้ใหญ่ได้มากพลาดน้อย Maximizing Polyp Detection and Minimizing Missed Rate ... การค้นหาและรักษามะเร็งลำไส้ใหญ่ในผู้ป่วยโรคลำไส้อักเสบเรื้อรัง Detection and Management of Cancerin Inflammatory Bowel Disease ... รอยโรคก่อนมะเร็งตับอ่อนและกลุ่มเสี่ยง Premalignant Lesions of Pancreatic Cancer and Patients at Risk ... การเฝ้าระวังมะเร็งตับอ่อนชนิดพันธุกรรม Surveillance of Familial Pancreatic Cancer ... การค้นหาและการรักษามะเร็งตับอ่อนในผู้ป่วยตับอ่อนอักเสบเรื้อรัง ... Detection and Management of Pancreatic Cancer in Chronic Pancreatitic ... การวินิจฉัยและรักษาเนื้องอกถุงนํ้าตับอ่อน Diagnosis and Management of Pancreatic Cystic Neoplasms ... รอยโรคก่อนมะเร็งทางเดินนํ้าดี Premalignant Lesions of Bile duct cancer ... การค้นหาและรักษามะเร็งในภาวะท่อนํ้าดีตีบ ... Detection and Management of cancer in bile duct Stricture ... การค้นหาและรักษารอยโรคของแอมพูลลา Detection and Management of Ampullary Lesion
650  2 ^aEndoscopy
650  2 ^aGastrointestinal syste
650  7 ^aกระเพาะอาหารและลำไส้, โรค
650  7 ^aเอ็นโดสโคปีย์
650  7 ^aการส่องกล้อง
653    ^aผลงานอาจารย์คณะแพทยศาสตร์ศิริราชพยาบาล
700 0  ^aสุพจน์ พงศ์ประสบชัย,^eบรรณาธิการ
945    ^p0^l0^i25205
999    ^aกัณชพร
รายการนี้ยังไม่มีแท็ก
คุณยังไม่ได้ล็อกอิน คุณสามารถมีกิจกรรมร่วมกับเว็บไซต์ได้ แต่ต้องล็อกอินก่อน ::
  ล็อกอิน

รายการสื่อสารสนเทศ

ลำดับที่ ประเภท เลขเรียก/บาร์โค้ด สถานที่ สถานะ
1. หนังสือสำรอง
หนังสือสำรอง
สถานะ=หนังสือเก่า
WI140 ส826 2558 ฉ.1 
  Barcode: 25205
ห้องสมุดวิทยาเขตนครสวรรค์
►ส่วนจัดเก็บหนังสือเก่า นว.
บนชั้น
  ขอยืม

รายการใกล้เคียง
    หัวเรื่อง [Endoscopy]
    หัวเรื่อง [Gastrointestinal syste]
    หัวเรื่อง [กระเพาะอาหารและลำไส้, โรค]
    หัวเรื่อง [เอ็นโดสโคปีย์]
    หัวเรื่อง [การส่องกล้อง]

BibComment


ยังไม่เคยถูกคอมเมนท์

คอมเมนท์ทรัพยากรรายการนี้
  คอมเมนท์: Premalignant GI ..


 Copyright 2026. Bcnsprnw @Library